Valor y capital : (Registro nro. 5547)

Detalles MARC
000 -LEADER
fixed length control field 01111nam a2200277Ia 4500
003 - CONTROL NUMBER IDENTIFIER
control field OSt
005 - DATE AND TIME OF LATEST TRANSACTION
control field 20200626173550.0
008 - FIXED-LENGTH DATA ELEMENTS--GENERAL INFORMATION
fixed length control field 191128s1954 mx gr 001 0 spa d
040 ## - CATALOGING SOURCE
Original cataloging agency CO-JMCR
Transcribing agency CO-JMCR
041 1# - LANGUAGE CODE
Language code of text/sound track or separate title spa
Language code of original eng
082 04 - DEWEY DECIMAL CLASSIFICATION NUMBER
Classification number 330.157 /
Item number H631v
Edition number 23
100 1# - MAIN ENTRY--PERSONAL NAME
Personal name Hicks, J.R.,
Relator term autor
9 (RLIN) 6273
245 10 - TITLE STATEMENT
Title Valor y capital :
Remainder of title investigación sobre algunos principios fundamentales de teoría económica /
Statement of responsibility, etc. J.R. Hicks ; versión española de Javier Márquez
250 ## - EDITION STATEMENT
Edition statement Segunda edición
260 ## - PUBLICATION, DISTRIBUTION, ETC.
Place of publication, distribution, etc. México :
Name of publisher, distributor, etc. Fondo de Cultura Económica,
Date of publication, distribution, etc. 1954.
300 ## - PHYSICAL DESCRIPTION
Extent 366 páginas ;
Dimensions 20 cm.
490 0# - SERIES STATEMENT
Series statement Sección de Economía
500 ## - GENERAL NOTE
General note Incluye índice analítico páginas 357-360.
505 0# - FORMATTED CONTENTS NOTE
Formatted contents note La teoría del valor subjetivo -- Equilibrio general -- Los fundamentos de la economía dinámica -- El funcionamiento del sistema dinámico -- Apéndice matemático
546 ## - LANGUAGE NOTE
Language note Traducido del inglés
650 14 - SUBJECT ADDED ENTRY--TOPICAL TERM
Topical term or geographic name entry element Teoría económica
9 (RLIN) 6274
650 24 - SUBJECT ADDED ENTRY--TOPICAL TERM
Topical term or geographic name entry element Valor
General subdivision Economía
9 (RLIN) 6275
650 24 - SUBJECT ADDED ENTRY--TOPICAL TERM
Topical term or geographic name entry element Capital
General subdivision Economía
9 (RLIN) 6276
700 1# - ADDED ENTRY--PERSONAL NAME
Personal name Márquez, Javier,
Relator term traductor
9 (RLIN) 4628
942 ## - ADDED ENTRY ELEMENTS (KOHA)
Source of classification or shelving scheme Dewey Decimal Classification
Koha item type Books
Existencias
Withdrawn status Lost status Source of classification or shelving scheme Materials specified (bound volume or other part) Damaged status Not for loan Home library Current library Shelving location Date acquired Source of acquisition Cost, normal purchase price Total Checkouts Full call number Barcode Date last seen Copy number Price effective from Koha item type
    Dewey Decimal Classification Donación--15/04/2018--     Biblioteca Pública José María del Castillo y Rada Biblioteca Pública José María del Castillo y Rada General Stacks 11/28/2019 Donación 0.00   330.157 / H631v 430002065 05/16/2024 Ej.1 11/28/2019 Books